Niños índigo: nuevos seres para una nueva tierra

Saved in:
Bibliographic Details
Main Author: Aisenberg, Sandra (Author)
Format: Book
Language:Spanish
Published: Buenos Aires Kier 2004
Edition:1a. ed
Series:Colección Infinito
Subjects:
Tags: Add Tag
No Tags, Be the first to tag this record!

MARC

LEADER 00000nam a2200000 a 4500
001 UCK1622
003 CL-VaPUC
008 041119e20040000AG |||||||||||||||||spa|d
020 |a 9501770028 
082 0 4 |a 155.45  |b AIS  |2 21 
100 0 |a Aisenberg, Sandra  |e author  |9 489536 
245 1 0 |a Niños índigo: nuevos seres para una nueva tierra 
250 |a 1a. ed 
300 |a 158 p 
942 |c BK 
945 |d 20041119 00:00:00  |a cmena 
260 |a Buenos Aires  |b Kier  |c 2004 
650 0 |a Espiritualidad   |9 267331 
650 0 |a Experiencia religiosa  |9 315549 
650 0 |a Niños  |9 255605 
583 |a last modification  |c 20041119 00:00:00  |k Rodrigo Vera 
490 0 |a Colección Infinito 
999 |c 311521  |d 311519 
952 |0 0  |1 0  |4 0  |6 155_450000000000000_AIS_2004  |7 0  |8 A  |9 380963  |a BIBEDU  |b BIBEDU  |d 2019-11-21  |i 4080874  |o 155.45 AIS 2004  |p 4080874  |r 2019-11-21  |w 2019-11-21  |y BK  |k PAR